[Event "Dortmund Sparkassen op-B 47th"]
[Site "Dortmund"]
[Date "2019.07.18"]
[Round "6"]
[White "Klein, Andreas2"]
[Black "Hoerhager Celjo, Denis"]
[Result "1-0"]
[WhiteElo "1587"]
[BlackElo "1254"]
[PlyCount "101"]
[EventDate "2019.07.13"]
[EventType "swiss"]
[EventRounds "9"]
[EventCountry "GER"]
[SourceTitle "CBM 192 Extra"]
[Source "Chessbase"]
[SourceDate "2019.11.06"]
[SourceVersion "1"]
[SourceVersionDate "2019.11.06"]
[SourceQuality "1"]

1. e4 c5 2. Nf3 g6 3. d4 cxd4 4. Nxd4 Bg7 5. Be3 Nc6 6. Be2 Nf6 7. Nc3 0-0 8. 0-0 d5 9. Nxc6 bxc6 10. e5 Nd7 11. f4 Nb6 12. a4 a5 13. Bd4 Be6 14. Qe1 Rc8 15. Qf2 Rb8 16. b3 Bf5 17. Bf3 Qc7 18. g4 Bd7 19. Rae1 e6 20. Bc5 Nc8 21. Bxf8 Bxf8 22. Rd1 c5 23. Kg2 c4 24. bxc4 Qxc4 25. Qd4 Qc7 26. Kg3 Bc5 27. Qd3 Nb6 28. Nb5 Qc6 29. c4 Nxa4 30. Nd4 Qa6 31. cxd5 Qa7 32. dxe6 fxe6 33. Rd2 Nb2 34. Qc3 Na4 35. Qa1 Bb4 36. Rc2 Nc5 37. Nc6 Bxc6 38. Bxc6 a4 39. Qd1 Qa6 40. Bf3 a3 41. Qe2 Qa5 42. Qc4 Rb6 43. Rd1 Ra6 44. Rd6 Ra7 45. Rxe6 Nxe6 46. Qxe6+ Rf7 47. Bd5 Qa7 48. Qxf7+ Qxf7 49. Bxf7+ Kxf7 50. Kf3 Ke6 51. Ke4 1-0